[Event "SG Gladbeck 1 - SV Erkenschwick 2"]
[Site "Verbandsliga - Gr. 1 2019/202"]
[Date "2019.12.08"]
[Round "4.5"]
[White "Spriestersbach, Kai"]
[Black "Winzbeck, Frank"]
[Result "1-0"]
[WhiteElo "1719"]
[BlackElo "1885"]
[PlyCount "75"]
[EventDate "2019.??.??"]
[WhiteTeam "SV Erkenschwick 2"]
[BlackTeam "SG Gladbeck 1"]

1. c4 c5 2. g3 g6 3. Bg2 Bg7 4. Nc3 Nc6 5. a3 Nf6 6. e3 e5 7. Nge2 d6 8. Rb1
Bf5 9. d3 a5 10. b3 Qd7 11. h3 h5 12. Nd5 Rb8 13. Nec3 Be6 14. Bd2 Bxd5 15.
Nxd5 O-O 16. O-O Qd8 17. b4 axb4 18. axb4 Nxd5 19. Bxd5 Qc7 20. bxc5 dxc5 21.
Rb5 Na7 22. Ra5 Nc8 23. Qb3 Nd6 24. Rb1 b6 25. Ra6 b5 26. Qa2 bxc4 27. Rxb8
Rxb8 28. Ra7 Qb6 29. dxc4 Qb1+ 30. Qxb1 Rxb1+ 31. Kg2 Rb2 32. Ra8+ Kh7 33. Rd8
Nf5 34. Bxf7 Bf6 35. Bg8+ Kg7 36. Bc3 Nxe3+ 37. Kf3 Nxc4 38. Bxc4 1-0

[Event "SG Gladbeck 1 - SV Erkenschwick 2"]
[Site "Verbandsliga - Gr. 1 2019/202"]
[Date "2019.12.08"]
[Round "4.6"]
[White "Kruse, Peter"]
[Black "Broszeit, Peter"]
[Result "1/2-1/2"]
[WhiteElo "1950"]
[BlackElo "1879"]
[PlyCount "64"]
[EventDate "2019.??.??"]
[WhiteTeam "SG Gladbeck 1"]
[BlackTeam "SV Erkenschwick 2"]

1. e4 c5 2. Nf3 Nc6 3. Bb5 d6 4. d4 cxd4 5. Nxd4 Bd7 6. O-O Nf6 7. Nc3 e6 8.
Be3 Be7 9. Be2 O-O 10. Ndb5 Ne8 11. Bf4 e5 12. Be3 a6 13. Na3 Be6 14. Nc4 b5
15. Nb6 Rb8 16. Ncd5 Bg5 17. Bxg5 Qxg5 18. a4 Bxd5 19. Nxd5 bxa4 20. Rxa4 Rxb2
21. Rxa6 Nd4 22. Bd3 Ne6 23. Qa1 Rb8 24. Rb1 Rxb1+ 25. Qxb1 Nf4 26. Nxf4 Qxf4
27. g3 Qf3 28. Ra8 f5 29. Bc4+ Kh8 30. Qb5 fxe4 31. Rxe8 Qxf2+ 32. Kh1 Qf3+
1/2-1/2

[Event "SG Gladbeck 1 - SV Erkenschwick 2"]
[Site "Verbandsliga - Gr. 1 2019/202"]
[Date "2019.12.08"]
[Round "4.7"]
[White "Stoetzel, Martin"]
[Black "Kucheyda, Joerg"]
[Result "1/2-1/2"]
[WhiteElo "1766"]
[BlackElo "1910"]
[PlyCount "40"]
[EventDate "2019.??.??"]
[WhiteTeam "SV Erkenschwick 2"]
[BlackTeam "SG Gladbeck 1"]

1. e4 e6 2. d4 d5 3. exd5 exd5 4. Nf3 Bd6 5. c4 c6 6. Nc3 Ne7 7. Bd3 Bg4 8. O-O
Qc7 9. h3 Bxf3 10. Qxf3 dxc4 11. Bxc4 O-O 12. Ne4 Nd7 13. Qh5 Ng6 14. Bd2 Rae8
15. Rae1 Rxe4 16. Rxe4 Nf6 17. Qf5 Nxe4 18. Qxe4 Qe7 19. Qf3 Qh4 20. Bc3 Qf4
1/2-1/2

[Event "SG Gladbeck 1 - SV Erkenschwick 2"]
[Site "Verbandsliga - Gr. 1 2019/202"]
[Date "2019.12.08"]
[Round "4.8"]
[White "Holtkamp, Matthias"]
[Black "Schroeter, Marco"]
[Result "0-1"]
[WhiteElo "1915"]
[BlackElo "1839"]
[PlyCount "111"]
[EventDate "2019.??.??"]
[WhiteTeam "SG Gladbeck 1"]
[BlackTeam "SV Erkenschwick 2"]

1. d4 e6 2. c4 Nf6 3. Nf3 d5 4. e3 c6 5. cxd5 exd5 6. Nc3 Bd6 7. Bd3 O-O 8. Qc2
Re8 9. O-O Nbd7 10. Rb1 a5 11. a3 b5 12. Re1 b4 13. axb4 Bxb4 14. Bd2 Bb7 15.
e4 Ba6 16. e5 Bxd3 17. Qxd3 Ng4 18. h3 Nh6 19. Bg5 Qc7 20. Bxh6 gxh6 21. Re3
Nf8 22. Nh2 Re6 23. f4 Rg6 24. f5 Rg5 25. Rf1 Kh8 26. Ng4 h5 27. Nf6 h4 28. Ng4
h5 29. Nh2 Qd8 30. Rf4 Rg8 31. Nf3 Rg7 32. Rxh4 Rh7 33. Rf4 a4 34. h4 a3 35.
Qb1 Bxc3 36. Rxc3 Qb6 37. b3 Qb4 38. Qa1 a2 39. Re3 Ra3 40. Ng5 Qd2 41. Rff3
Rg7 42. f6 Rxg5 43. hxg5 Kh7 44. Kf1 Ne6 45. Rd3 Qc2 46. Rde3 Nxd4 47. Rf2 Qb1+
48. Re1 Qd3+ 49. Kg1 Nxb3 50. Qb2 a1=Q 51. Rxa1 Rxa1+ 52. Kh2 Rb1 53. Qa3 Qe4
54. Rf3 Qh4+ 55. Rh3 Qf4+ 56. Rg3 0-1

[Event "SV Ahlen 1 - Weiße Dame Borbeck 1"]
[Site "Verbandsliga - Gr. 1 2019/202"]
[Date "2019.12.08"]
[Round "4.1"]
[White "Loyen, Egbert"]
[Black "Steinle, Carsten"]
[Result "0-1"]
[WhiteElo "2184"]
[BlackElo "2102"]
[PlyCount "74"]
[EventDate "2019.??.??"]
[WhiteTeam "Weiße Dame Borbeck 1"]
[BlackTeam "SV Ahlen 1"]

1. e4 e6 2. d4 d5 3. exd5 exd5 4. Nf3 Bd6 5. c4 c6 6. Nc3 Nf6 7. Be2 h6 8. O-O
O-O 9. Ne5 Re8 10. f4 dxc4 11. Bxc4 Be6 12. Bxe6 Rxe6 13. Be3 Nbd7 14. Qf3 Qc7
15. Rac1 Rae8 16. g4 Qd8 17. Rcd1 Qe7 18. Bc1 Bxe5 19. fxe5 Nxg4 20. Kh1 Ngxe5
21. dxe5 Nxe5 22. Qh3 Qb4 23. Rf4 Qb6 24. Re4 Ng6 25. Rxe6 Rxe6 26. Qd3 Qf2 27.
Qg3 Qf5 28. Rg1 b5 29. a3 a5 30. Qg4 Qd3 31. Qg3 Qc4 32. Qg4 Qc5 33. h3 b4 34.
axb4 axb4 35. Ne2 Qd5+ 36. Kh2 h5 37. Qg2 Qe5+ 0-1

[Event "SV Ahlen 1 - Weiße Dame Borbeck 1"]
[Site "Verbandsliga - Gr. 1 2019/202"]
[Date "2019.12.08"]
[Round "4.2"]
[White "Torres-Kuckel, Rafael"]
[Black "Hillenbrand, Michael"]
[Result "1/2-1/2"]
[WhiteElo "2107"]
[BlackElo "2081"]
[PlyCount "62"]
[EventDate "2019.??.??"]
[WhiteTeam "SV Ahlen 1"]
[BlackTeam "Weiße Dame Borbeck 1"]

1. e4 g6 2. d4 Bg7 3. f4 d6 4. Nf3 c6 5. Bd3 Nd7 6. e5 dxe5 7. fxe5 Nb6 8. O-O
Nh6 9. h3 Be6 10. c3 Qd7 11. Ng5 O-O-O 12. Qe2 Nf5 13. Bxf5 gxf5 14. Nxe6 fxe6
15. Nd2 Bh6 16. Nb3 Bxc1 17. Nc5 Qd5 18. Raxc1 Rdg8 19. Qf3 Rg6 20. Nd3 Qd7 21.
Qf2 Nd5 22. c4 Rhg8 23. Ne1 Nb4 24. a3 Nd3 25. Nxd3 Rxg2+ 26. Qxg2 Qxd4+ 27.
Nf2 Rxg2+ 28. Kxg2 Qxb2 29. Rfe1 Qxa3 30. c5 Qb2 31. Kf3 Qa3+ 1/2-1/2

[Event "SV Ahlen 1 - Weiße Dame Borbeck 1"]
[Site "Verbandsliga - Gr. 1 2019/202"]
[Date "2019.12.08"]
[Round "4.3"]
[White "Dewenter, Ulf"]
[Black "Volesky, Alexander"]
[Result "1-0"]
[WhiteElo "2104"]
[BlackElo "2023"]
[PlyCount "85"]
[EventDate "2019.??.??"]
[WhiteTeam "Weiße Dame Borbeck 1"]
[BlackTeam "SV Ahlen 1"]

1. e4 c5 2. Be2 e6 3. f4 d5 4. d3 dxe4 5. dxe4 Qxd1+ 6. Bxd1 b6 7. Nf3 Bb7 8.
Nc3 Nf6 9. e5 Nd5 10. Nxd5 Bxd5 11. Be3 Be7 12. O-O O-O 13. Be2 Rd8 14. Rfd1
Nd7 15. c4 Bb7 16. Rd2 Nf8 17. Rad1 Rxd2 18. Rxd2 Rd8 19. Kf2 Ng6 20. Rxd8+
Bxd8 21. g3 f6 22. exf6 gxf6 23. b3 Bc7 24. h3 Ne7 25. Bd2 Nf5 26. Bc3 Nd6 27.
Nd2 Kf7 28. Bh5+ Ke7 29. Bf3 Bxf3 30. Kxf3 Nf7 31. Ne4 e5 32. f5 Nd8 33. g4 Nc6
34. h4 Nb4 35. Bxb4 cxb4 36. g5 Kf7 37. Nxf6 h6 38. Nd5 Bd6 39. g6+ Kg7 40. h5
Bc5 41. f6+ Kf8 42. Ke4 Bd6 43. Ne3 1-0

[Event "SV Ahlen 1 - Weiße Dame Borbeck 1"]
[Site "Verbandsliga - Gr. 1 2019/202"]
[Date "2019.12.08"]
[Round "4.4"]
[White "Woestmann, Ulrich"]
[Black "Poetter, Clemens"]
[Result "1-0"]
[WhiteElo "1976"]
[BlackElo "1994"]
[PlyCount "103"]
[EventDate "2019.??.??"]
[WhiteTeam "SV Ahlen 1"]
[BlackTeam "Weiße Dame Borbeck 1"]

1. e4 d6 2. d4 Nf6 3. Nc3 g6 4. f3 Bg7 5. Be3 c6 6. Qd2 e5 7. O-O-O Nbd7 8. h4
h5 9. Nh3 Qc7 10. Ng5 Nh7 11. Be2 Nxg5 12. hxg5 Nf8 13. d5 c5 14. Rdf1 Bd7 15.
g3 O-O-O 16. f4 exf4 17. gxf4 Qa5 18. f5 Bxc3 19. Qxc3 Qxc3 20. bxc3 Re8 21.
fxg6 fxg6 22. Bd3 Re7 23. Rf6 Be8 24. Bf4 Nd7 25. Bxd6 Nxf6 26. Bxe7 Nd7 27.
Bd6 h4 28. e5 Rh5 29. e6 Rxg5 30. exd7+ Kxd7 31. Bf4 Rxd5 32. Rxh4 Rh5 33. Rxh5
gxh5 34. Bb5+ Ke7 35. Bxe8 Kxe8 36. Kd2 Kd7 37. c4 Kc6 38. Kd3 h4 39. Ke4 b5
40. cxb5+ Kxb5 41. Kd5 c4 42. c3 a5 43. Be5 h3 44. Bh2 Ka4 45. Kxc4 Ka3 46. Kb5
Kxa2 47. c4 Kb3 48. c5 a4 49. c6 a3 50. c7 a2 51. c8=Q a1=Q 52. Qc4+ 1-0

[Event "SV Ahlen 1 - Weiße Dame Borbeck 1"]
[Site "Verbandsliga - Gr. 1 2019/202"]
[Date "2019.12.08"]
[Round "4.5"]
[White "Korste, Sebastian"]
[Black "Volesky, Karl-Heinz"]
[Result "1/2-1/2"]
[WhiteElo "1945"]
[BlackElo "1952"]
[PlyCount "54"]
[EventDate "2019.??.??"]
[WhiteTeam "Weiße Dame Borbeck 1"]
[BlackTeam "SV Ahlen 1"]

1. d4 Nf6 2. Nf3 e6 3. Bg5 Be7 4. e3 c5 5. c3 b6 6. Nbd2 Bb7 7. Bd3 Nd5 8. Bxe7
Qxe7 9. O-O f5 10. a3 cxd4 11. cxd4 Nc6 12. Qe2 O-O 13. Rfc1 Rac8 14. b4 g6 15.
Nb3 d6 16. Bc4 Nb8 17. Rc2 Nd7 18. Rac1 N7f6 19. Nfd2 Kg7 20. f3 f4 21. Bxd5
Rxc2 22. Rxc2 Nxd5 23. e4 Ne3 24. Rc3 Rc8 25. Rxc8 Bxc8 26. Nf1 Nxf1 27. Qxf1
Qc7 1/2-1/2

[Event "SV Ahlen 1 - Weiße Dame Borbeck 1"]
[Site "Verbandsliga - Gr. 1 2019/202"]
[Date "2019.12.08"]
[Round "4.6"]
[White "Busche, Klaus"]
[Black "Mundil, Uwe"]
[Result "1/2-1/2"]
[WhiteElo "1948"]
[BlackElo "2006"]
[PlyCount "61"]
[EventDate "2019.??.??"]
[WhiteTeam "SV Ahlen 1"]
[BlackTeam "Weiße Dame Borbeck 1"]

1. d4 Nf6 2. Bf4 d5 3. e3 e6 4. Nd2 c5 5. c3 Nc6 6. Ngf3 Bd6 7. Bg3 O-O 8. Bd3
b6 9. e4 dxe4 10. Nxe4 Be7 11. dxc5 bxc5 12. Nxf6+ Bxf6 13. Qc2 h6 14. O-O-O
Qb6 15. Rhe1 Bb7 16. Bh7+ Kh8 17. Be4 Rfd8 18. Rxd8+ Rxd8 19. Rd1 Na5 20. Bxb7
Nxb7 21. Rxd8+ Qxd8 22. Qd2 Kg8 23. Qxd8+ Bxd8 24. Kc2 f6 25. Kd3 Kf7 26. Kc4
a6 27. Nd2 Ke7 28. f3 Bb6 29. Kd3 Kd7 30. Bf4 Bc7 31. Bxc7 1/2-1/2

[Event "SV Ahlen 1 - Weiße Dame Borbeck 1"]
[Site "Verbandsliga - Gr. 1 2019/202"]
[Date "2019.12.08"]
[Round "4.7"]
[White "Kindermann, Carsten"]
[Black "Starp, Klaus"]
[Result "1/2-1/2"]
[WhiteElo "1912"]
[BlackElo "1897"]
[PlyCount "146"]
[EventDate "2019.??.??"]
[WhiteTeam "Weiße Dame Borbeck 1"]
[BlackTeam "SV Ahlen 1"]

1. e4 c5 2. Nf3 d6 3. c3 Nf6 4. h3 Nc6 5. Bd3 e5 6. Qe2 Be7 7. Bc2 a6 8. d3 O-O
9. O-O Bd7 10. Nh2 Qc8 11. f4 exf4 12. Bxf4 Ne5 13. Nd2 Be6 14. b3 Qc7 15. Rac1
Rae8 16. d4 Ng6 17. Bg3 cxd4 18. cxd4 Qb6 19. Bf2 d5 20. e5 Nd7 21. Kh1 Ba3 22.
Rcd1 f6 23. Nb1 Bb4 24. a3 Be7 25. b4 fxe5 26. Bxg6 hxg6 27. dxe5 Qc7 28. Nf3
Rf4 29. Bg3 Re4 30. Qd3 Qc4 31. Nc3 Qxd3 32. Rxd3 Nb6 33. Nd2 Rc8 34. Ncxe4
dxe4 35. Rd4 e3 36. Ne4 Rc2 37. Re1 Nc4 38. Nd6 e2 39. Nxc4 Bxc4 40. Bf4 g5 41.
Be3 Bb5 42. Bc1 Kf7 43. Rd2 Rxd2 44. Bxd2 Ke6 45. Bc3 Bd8 46. Kh2 Bc7 47. Kg3
Bxe5+ 48. Bxe5 Kxe5 49. Kf2 Kd4 50. Rc1 Bc4 51. a4 b5 52. axb5 axb5 53. Rc2 g6
54. g4 Ke4 55. Rc3 Bd3 56. Ke1 Kd4 57. Ra3 Kc4 58. Kd2 Be4 59. Re3 Bb1 60. Kxe2
Kxb4 61. Kd2 Kc4 62. Kc1 Kd4 63. Kd2 Be4 64. Rb3 Kc4 65. Rc3+ Kd4 66. Rc8 b4
67. Rb8 Kc4 68. Re8 Kd4 69. Re6 b3 70. Rb6 Kc4 71. Kc1 Kc3 72. Rb8 Bg2 73. Rc8+
Kb4 1/2-1/2

[Event "SV Ahlen 1 - Weiße Dame Borbeck 1"]
[Site "Verbandsliga - Gr. 1 2019/202"]
[Date "2019.12.08"]
[Round "4.8"]
[White "Dreesbach, Harald"]
[Black "Klasmeier, Hartmut"]
[Result "1/2-1/2"]
[WhiteElo "1792"]
[BlackElo "1857"]
[PlyCount "71"]
[EventDate "2019.??.??"]
[WhiteTeam "SV Ahlen 1"]
[BlackTeam "Weiße Dame Borbeck 1"]

1. d4 e6 2. Nf3 b6 3. e3 d5 4. Bd3 Bb7 5. Nbd2 c5 6. c3 Nd7 7. O-O Ngf6 8. Qe2
Ne4 9. Ne5 Nxe5 10. dxe5 Qc7 11. f4 Nxd2 12. Bxd2 Be7 13. e4 c4 14. Bc2 Rd8 15.
exd5 Rxd5 16. Be3 Ra5 17. a3 O-O 18. Rad1 g6 19. Rd2 Rd8 20. Rxd8+ Qxd8 21. Rd1
Rd5 22. Kh1 Rxd1+ 23. Qxd1 Qxd1+ 24. Bxd1 Bc6 25. Kg1 Kf8 26. Kf2 Ke8 27. g3
Kd8 28. Bd4 Kc7 29. Ke3 a6 30. Bc2 h5 31. Bd1 b5 32. Bc2 a5 33. Kd2 Bg2 34. Ke3
Bd5 35. Bd1 Kc6 36. Bc2 1/2-1/2

[Event "SV Bottrop 1 - SF Brackel 3"]
[Site "Verbandsliga - Gr. 1 2019/202"]
[Date "2019.12.08"]
[Round "4.1"]
[White "Garbuz, Vitaliy"]
[Black "Stadtmann, Jens"]
[Result "1-0"]
[WhiteElo "2080"]
[BlackElo "2155"]
[PlyCount "95"]
[EventDate "2019.??.??"]
[WhiteTeam "SF Brackel 3"]
[BlackTeam "SV Bottrop 1"]

1. e4 e6 2. d4 d5 3. Nd2 Nf6 4. e5 Nfd7 5. f4 c5 6. c3 b6 7. Qa4 Be7 8. Ndf3 a5
9. g3 Ba6 10. Ne2 O-O 11. Bh3 g6 12. Kf2 Qc8 13. Re1 Nc6 14. a3 Bd3 15. Be3 Re8
16. Bf1 Rb8 17. Qd1 c4 18. Nc1 Bxf1 19. Rxf1 b5 20. h4 b4 21. cxb4 axb4 22. a4
b3 23. Bd2 Bb4 24. h5 Nf8 25. Ne2 Qc7 26. Bxb4 Nxb4 27. Ne1 Na2 28. Qd2 Rb7 29.
g4 Qe7 30. Rh1 f5 31. hxg6 hxg6 32. gxf5 exf5 33. Ng2 Qb4 34. Qe3 Rg7 35. Qf3
Rd8 36. Ne3 Qb7 37. Rag1 Rdd7 38. Nxf5 gxf5 39. Qh5 Rxg1 40. Qh8+ Kf7 41. Rxg1
Ke8 42. Rg8 Qb4 43. e6 Rb7 44. Qh5+ Kd8 45. Qxf5 Ke8 46. Qh5+ Kd8 47. Qxd5+ Ke8
48. Qc6+ 1-0

[Event "SV Bottrop 1 - SF Brackel 3"]
[Site "Verbandsliga - Gr. 1 2019/202"]
[Date "2019.12.08"]
[Round "4.2"]
[White "Boehm, Joachim"]
[Black "Gerlach, Felix"]
[Result "0-1"]
[WhiteElo "2209"]
[BlackElo "2034"]
[PlyCount "88"]
[EventDate "2019.??.??"]
[WhiteTeam "SV Bottrop 1"]
[BlackTeam "SF Brackel 3"]

1. Nf3 Nf6 2. c4 c5 3. g3 g6 4. b3 Bg7 5. Bb2 b6 6. Bg2 Bb7 7. O-O O-O 8. d3 d5
9. cxd5 Bxd5 10. Nc3 Bb7 11. Qd2 Nc6 12. Rfd1 Qd7 13. e3 Rad8 14. a3 Qc8 15.
Rac1 Qa8 16. Ne1 Rd7 17. Na4 Rfd8 18. Qc2 Rd6 19. Qb1 Bh6 20. b4 cxb4 21. axb4
Ng4 22. b5 Nce5 23. Bxe5 Nxe5 24. Bxb7 Qxb7 25. Nc3 Ng4 26. Ng2 Qd7 27. d4 f5
28. Qa2+ Kh8 29. Ra1 e5 30. d5 Nf6 31. Qxa7 Nxd5 32. Qxd7 R8xd7 33. Ne2 Nf4 34.
Re1 Nh3+ 35. Kf1 Ng5 36. Ng1 Ne4 37. Rec1 Nd2+ 38. Ke2 Nb3 39. Ra8+ Kg7 40. Rc2
Rd1 41. Nf3 Nc1+ 42. Rxc1 Rxc1 43. Nge1 Rc5 44. Re8 Kf6 0-1

[Event "SV Bottrop 1 - SF Brackel 3"]
[Site "Verbandsliga - Gr. 1 2019/202"]
[Date "2019.12.08"]
[Round "4.3"]
[White "Elier, Ali"]
[Black "Mohrholz, Uwe"]
[Result "1/2-1/2"]
[WhiteElo "2081"]
[BlackElo "1992"]
[PlyCount "90"]
[EventDate "2019.??.??"]
[WhiteTeam "SF Brackel 3"]
[BlackTeam "SV Bottrop 1"]

1. e4 e6 2. d4 d5 3. Nd2 c5 4. exd5 exd5 5. dxc5 Bxc5 6. Ngf3 Nf6 7. Bb5+ Bd7
8. Qe2+ Qe7 9. O-O Qxe2 10. Bxe2 Nc6 11. Nb3 Bb6 12. Bg5 Ne4 13. Rad1 Nxg5 14.
Nxg5 h6 15. Nh3 Bxh3 16. gxh3 O-O-O 17. Rfe1 Rd6 18. Bf3 Rhd8 19. c3 Kc7 20.
Re2 f6 21. Red2 Ne5 22. Bxd5 Ng6 23. Nd4 Bxd4 24. Rxd4 Ne7 25. Be4 Rxd4 26.
cxd4 Nc6 27. d5 Ne5 28. f4 Nf7 29. Bf5 Nd6 30. Be6 Kb6 31. Kf2 Re8 32. f5 Re7
33. Kf3 Rc7 34. Rd2 Rc1 35. Rg2 Rf1+ 36. Ke3 Nxf5+ 37. Bxf5 Rxf5 38. Ke4 Re5+
39. Kd4 Re1 40. Rxg7 Rd1+ 41. Ke4 Re1+ 42. Kf4 Rf1+ 43. Ke4 Re1+ 44. Kf4 Rf1+
45. Ke4 Re1+ 1/2-1/2

[Event "SV Bottrop 1 - SF Brackel 3"]
[Site "Verbandsliga - Gr. 1 2019/202"]
[Date "2019.12.08"]
[Round "4.4"]
[White "Nowak, Steven"]
[Black "Seref, Erdogan"]
[Result "0-1"]
[WhiteElo "1954"]
[BlackElo "2011"]
[PlyCount "60"]
[EventDate "2019.??.??"]
[WhiteTeam "SV Bottrop 1"]
[BlackTeam "SF Brackel 3"]

1. Nf3 Nf6 2. g3 d5 3. Bg2 Nc6 4. O-O Bg4 5. d3 e5 6. h3 Bh5 7. g4 Bg6 8. Nh4
Bc5 9. Bg5 Nd4 10. b4 Bb6 11. c4 dxc4 12. Nxg6 hxg6 13. dxc4 c6 14. Nc3 Qe7 15.
c5 Bc7 16. Rc1 Ne6 17. Be3 Nh7 18. Ne4 Rd8 19. Qb3 f5 20. Nd6+ Bxd6 21. cxd6
Rxd6 22. Rfd1 Rxd1+ 23. Rxd1 fxg4 24. hxg4 Nf6 25. g5 Ng4 26. Be4 Nxe3 27.
Bxg6+ Kf8 28. Qxe3 Nf4 29. Qf3 Qxg5+ 30. Kf1 Rh3 0-1

[Event "SV Bottrop 1 - SF Brackel 3"]
[Site "Verbandsliga - Gr. 1 2019/202"]
[Date "2019.12.08"]
[Round "4.5"]
[White "Kracht, Raphael"]
[Black "Masberg, Stefan"]
[Result "1-0"]
[WhiteElo "2046"]
[BlackElo "1939"]
[PlyCount "109"]
[EventDate "2019.??.??"]
[WhiteTeam "SF Brackel 3"]
[BlackTeam "SV Bottrop 1"]

1. e4 c5 2. d4 cxd4 3. c3 d5 4. exd5 Qxd5 5. cxd4 Nc6 6. Nf3 e6 7. Nc3 Bb4 8.
Be2 Nf6 9. O-O Qa5 10. Qb3 O-O 11. Bg5 Nd5 12. Ne4 Qb6 13. Rfd1 Bd7 14. a3 Be7
15. Qd3 f6 16. Bd2 Be8 17. b4 Rc8 18. Nc5 Bg6 19. Qb3 Bxc5 20. dxc5 Qc7 21. Bc4
Bf7 22. Rac1 Rfd8 23. Be1 Ne5 24. Nxe5 Qxe5 25. f3 Ne3 26. Bg3 Rxd1+ 27. Rxd1
Qg5 28. Bxe6 Nxd1 29. Bxf7+ Kh8 30. Qxd1 Qe3+ 31. Kh1 Qxa3 32. Qe1 a5 33. bxa5
Qxc5 34. h4 Ra8 35. Qe4 Qxa5 36. Qxb7 Qa7 37. Qd5 Rc8 38. Kh2 Qa8 39. Qf5 Rf8
40. Bc4 Qc8 41. Be6 Qd8 42. h5 Qe7 43. Bd5 Qc5 44. h6 Rd8 45. hxg7+ Kxg7 46.
Qg4+ Kh8 47. Be4 Qg5 48. Qh3 Qg7 49. Bf4 Re8 50. Qf5 Rg8 51. g4 Re8 52. Kh3 Qe7
53. g5 Qe6 54. Qxe6 Rxe6 55. gxf6 1-0

[Event "SV Bottrop 1 - SF Brackel 3"]
[Site "Verbandsliga - Gr. 1 2019/202"]
[Date "2019.12.08"]
[Round "4.6"]
[White "Gierse, Heinz-Dieter"]
[Black "Bartelt, Max Peter"]
[Result "0-1"]
[WhiteElo "1914"]
[BlackElo "1849"]
[PlyCount "94"]
[EventDate "2019.??.??"]
[WhiteTeam "SV Bottrop 1"]
[BlackTeam "SF Brackel 3"]

1. Nf3 Nf6 2. g3 b6 3. Bg2 Bb7 4. d3 g6 5. Nbd2 Bg7 6. O-O O-O 7. e4 d6 8. Ne1
e5 9. c3 Nbd7 10. Nc2 Nc5 11. Qe2 d5 12. Rd1 Re8 13. Nb3 Nxb3 14. axb3 Qd7 15.
f3 a5 16. Bg5 b5 17. Qf2 Qd6 18. Be3 Nd7 19. Bh3 Qe7 20. Rf1 Rf8 21. Qd2 f5 22.
exd5 Nc5 23. Bxc5 Qxc5+ 24. Qe3 Qxd5 25. c4 Qc6 26. Qe2 e4 27. dxe4 fxe4 28. f4
Bxb2 29. Rab1 Qc5+ 30. Qe3 Qxe3+ 31. Nxe3 Bd4 32. Rfe1 b4 33. Kf1 Bxe3 34. Rxe3
Rfe8 35. Ra1 Red8 36. Be6+ Kg7 37. Ke1 Rd6 38. Bg4 c5 39. Bd1 Rd4 40. Bc2 Kf6
41. Re2 a4 42. bxa4 Rxc4 43. Rd1 Ra6 44. Rd8 Rb6 45. a5 Rb5 46. a6 b3 47. axb7
bxc2 0-1

[Event "SV Bottrop 1 - SF Brackel 3"]
[Site "Verbandsliga - Gr. 1 2019/202"]
[Date "2019.12.08"]
[Round "4.7"]
[White "Schaede, Maximilian"]
[Black "Jaeger, Heinz"]
[Result "0-1"]
[WhiteElo "1752"]
[BlackElo "1948"]
[PlyCount "84"]
[EventDate "2019.??.??"]
[WhiteTeam "SF Brackel 3"]
[BlackTeam "SV Bottrop 1"]

1. d4 d5 2. c4 e6 3. Nc3 Nf6 4. Bg5 Be7 5. e3 O-O 6. cxd5 exd5 7. Bd3 Re8 8.
Qc2 h6 9. Bh4 Nc6 10. a3 Nh5 11. Bxe7 Rxe7 12. Nge2 a6 13. O-O Nf6 14. Rfc1 Be6
15. Na4 Qd6 16. Nc5 Nd8 17. a4 Nd7 18. b4 Nf8 19. Ng3 g6 20. a5 c6 21. Qc3 f5
22. Ne2 Nf7 23. f3 Ng5 24. h4 Ngh7 25. Nf4 Bf7 26. Re1 Qf6 27. g3 g5 28. hxg5
hxg5 29. Ng2 Rae8 30. Ra2 Qd6 31. Kf2 Bg6 32. Rh1 Nf6 33. Qc2 Nh5 34. f4 gxf4
35. gxf4 Rxe3 36. Nxb7 Qxb4 37. Ra4 Qe7 38. Bxa6 Nxf4 39. Rh2 Nxg2 40. Rxg2
Qh4+ 41. Kg1 Re1+ 42. Bf1 Rxf1+ 0-1

[Event "SV Bottrop 1 - SF Brackel 3"]
[Site "Verbandsliga - Gr. 1 2019/202"]
[Date "2019.12.08"]
[Round "4.8"]
[White "Huestegge, Ulrich"]
[Black "Schroeder, Thomas"]
[Result "1-0"]
[WhiteElo "1850"]
[BlackElo "1579"]
[PlyCount "41"]
[EventDate "2019.??.??"]
[WhiteTeam "SV Bottrop 1"]
[BlackTeam "SF Brackel 3"]

1. c4 Nf6 2. Nc3 e5 3. e4 Be7 4. g3 d6 5. Bg2 O-O 6. Nge2 Be6 7. d3 Nc6 8. O-O
Nd7 9. f4 f5 10. Nd5 Bf6 11. fxe5 Ncxe5 12. exf5 Bf7 13. Nef4 Re8 14. Ne6 Bxe6
15. fxe6 Rxe6 16. Bh3 Re8 17. d4 Nc6 18. Nxf6+ Nxf6 19. Bg5 Rf8 20. Qd3 h6 21.
Bxh6 1-0

[Event "Dortmunder SV 1 - SF Brackel 2"]
[Site "Verbandsliga - Gr. 2 2019/202"]
[Date "2019.12.08"]
[Round "4.1"]
[White "Fiebig, Thomas"]
[Black "Wichtrup, Jan-Louis"]
[Result "1-0"]
[WhiteElo "2428"]
[BlackElo "2127"]
[PlyCount "107"]
[EventDate "2019.??.??"]
[WhiteTeam "SF Brackel 2"]
[BlackTeam "Dortmunder SV 1"]

1. e4 e5 2. Nf3 Nc6 3. Bc4 Bc5 4. c3 Nf6 5. d3 O-O 6. O-O d5 7. exd5 Nxd5 8. h3
Nb6 9. Bb5 f6 10. Nbd2 Qd5 11. Qb3 Be6 12. Ne4 Be7 13. Be3 a6 14. Qxd5 Bxd5 15.
Bxc6 Bxc6 16. Rfe1 Na4 17. b3 Bxe4 18. dxe4 Nc5 19. Bxc5 Bxc5 20. Rad1 Rfd8 21.
Kf1 Kf7 22. Ke2 Ke6 23. Rd2 Rxd2+ 24. Nxd2 g6 25. Nc4 f5 26. f3 Rf8 27. exf5+
gxf5 28. Kd3 Rd8+ 29. Kc2 Bd6 30. Nxe5 Bxe5 31. f4 Rd5 32. c4 Ra5 33. Kd3 Rxa2
34. Rxe5+ Kf6 35. g4 fxg4 36. hxg4 Rb2 37. Kc3 Rf2 38. g5+ Kf7 39. f5 h6 40.
gxh6 Rh2 41. Re6 Rh3+ 42. Kb4 c5+ 43. Kxc5 Rxb3 44. Rb6 Rf3 45. Rxb7+ Kg8 46.
Kb6 Rxf5 47. Kxa6 Rc5 48. Rb4 Rc6+ 49. Kb7 Rxh6 50. c5 Rh7+ 51. Kb6 Kf7 52. c6
Ke7 53. c7 Kd7 54. Rd4+ 1-0

[Event "Dortmunder SV 1 - SF Brackel 2"]
[Site "Verbandsliga - Gr. 2 2019/202"]
[Date "2019.12.08"]
[Round "4.2"]
[White "Zeldin, Leonid"]
[Black "Albers, Damian"]
[Result "1/2-1/2"]
[WhiteElo "2057"]
[BlackElo "2051"]
[Annotator "Daniel"]
[PlyCount "80"]
[EventDate "2019.??.??"]
[WhiteTeam "Dortmunder SV 1"]
[BlackTeam "SF Brackel 2"]

1. e4 Nc6 2. d4 d5 3. exd5 Qxd5 4. Be3 e5 5. c4 Qa5+ 6. Nc3 exd4 7. Bxd4 Nf6 8.
Bxf6 $11 gxf6 9. Qe2+ Be6 10. O-O-O Ne5 11. f4 Bh6 12. g3 O-O 13. Nd5 Bxd5 14.
Rxd5 Qxa2 15. Nf3 Qa1+ 16. Kc2 Nc6 17. Rb5 Rfe8 18. Qd1 Qa4+ 19. Kc1 Qa1+ 20.
Kc2 Qa4+ 21. Kc1 Qa2 22. Bd3 Rad8 23. Qb3 Qxb3 24. Rxb3 Na5 25. Rc3 Bf8 26. Rd1
Bb4 27. Rc2 Nb3+ 28. Kb1 Kh8 29. Re2 Rxe2 30. Bxe2 Re8 31. Bd3 Nc5 32. Bc2 c6
33. Nh4 Re1 34. Kc1 b5 35. cxb5 cxb5 36. Rxe1 Bxe1 37. Kd1 Ba5 38. Nf5 Bc7 39.
Kd2 a5 40. Kc3 Ne6 1/2-1/2

[Event "Dortmunder SV 1 - SF Brackel 2"]
[Site "Verbandsliga - Gr. 2 2019/202"]
[Date "2019.12.08"]
[Round "4.3"]
[White "Reisberg, Andre"]
[Black "Mallee, Ralph"]
[Result "1-0"]
[WhiteElo "2019"]
[BlackElo "2064"]
[PlyCount "37"]
[EventDate "2019.??.??"]
[WhiteTeam "SF Brackel 2"]
[BlackTeam "Dortmunder SV 1"]

1. d4 Nf6 2. c4 g6 3. Nc3 d5 4. cxd5 Nxd5 5. Bd2 Bg7 6. e4 Nb6 7. Be3 O-O 8. h3
e5 9. dxe5 Bxe5 10. Qc2 Nc6 11. Nf3 Bg7 12. a3 Re8 13. Be2 Be6 14. O-O Na5 15.
Bg5 Bb3 16. Qc1 Qc8 17. Qf4 Nac4 18. Bxc4 Nxc4 19. Nd5 1-0

[Event "Dortmunder SV 1 - SF Brackel 2"]
[Site "Verbandsliga - Gr. 2 2019/202"]
[Date "2019.12.08"]
[Round "4.4"]
[White "Wittmann, Rainer"]
[Black "Siebert, Martin"]
[Result "0-1"]
[WhiteElo "1995"]
[BlackElo "1947"]
[PlyCount "98"]
[EventDate "2019.??.??"]
[WhiteTeam "Dortmunder SV 1"]
[BlackTeam "SF Brackel 2"]

1. e4 e6 2. d4 d5 3. exd5 exd5 4. Bd3 Bd6 5. Nf3 Nf6 6. O-O O-O 7. h3 b6 8. Re1
c5 9. c3 Qc7 10. Ne5 Nbd7 11. Nxd7 Qxd7 12. Nd2 Bb7 13. Nf3 Rae8 14. Be3 Re7
15. Qc2 Rfe8 16. Bg5 Rxe1+ 17. Rxe1 Rxe1+ 18. Nxe1 Qe6 19. Qe2 c4 20. Qxe6 fxe6
21. Bc2 e5 22. dxe5 Bxe5 23. Nf3 Bd6 24. Nd4 Nd7 25. Kf1 g6 26. Ke2 Kf7 27. g4
Nc5 28. f3 Ne6 29. Nxe6 Kxe6 30. Be3 Bc5 31. Bd4 Bxd4 32. cxd4 b5 33. f4 b4 34.
f5+ Kf6 35. h4 gxf5 36. Bxf5 h5 37. Kf3 Bc6 38. Bc2 hxg4+ 39. Kxg4 a5 40. h5 a4
41. Kf4 b3 42. axb3 axb3 43. Bb1 Be8 44. h6 Bh5 45. h7 Kg7 46. Ke5 Bf3 47. Kf4
Be4 48. Bxe4 dxe4 49. d5 c3 0-1